00557nam a2200133Ia 4500008004100000245012100041260005500162260000900217300000700226650001300233856008500246999001900331952007300350170516s9999 xx 000 0 und d aPregabalin prescription for terminally ill cancer patients receiving specialist palliative care in an acute hospital bJournal of Pharmaceutical Health Care and Sciences c2016 a2: xPharmacy uhttps://jphcs.biomedcentral.com/articles?query=&volume=2&searchType=&tab=keyword c331760d331760 001040aCLbCLd2017-05-16l0r2017-05-16 00:00:00w2017-05-16yFOJ